1322 1293 1453 1790 1790 1190 1199 1385 1270 1158 1548 1359 1416 1355 1992 1912 1658 1021 1243 1074 1899 1218 1913 1528 1323 1032 1935 1023 1307 1099 1817 1614 1216 1586 1446 1493 1926 1443 1315 1022 1658 1509 1447 1944 1912 1053 1053 1203 1302 1730 1450 1092 1934 1213 1506 1886 1290 1757 1927 1491 1743 1567 1211 1066 1560 1261 1018 1385 1889 1200 1834 1560 1481 1860 1017 1246 1896 1557 1585 1621 1420 1154 1235 1390 1137 1520 1677 1094 1397 1565 1305 1174 1626 1308 1355 1355 1811 1213 1048 BCNSPRNW ULIB Ver.6.0+V

เปลี่ยนเป็นภาษาไทย

Change to English
 แสดงรายละเอียดบรรณานุกรม
  กลับหน้าหลัก

Brief Record : Get Marc (ISO 2709) : E-mail record : QR code < ปิดหน้าต่าง
LEADER : 00000nam 2200000uu 4500
001    13399109080
003     ULIB
008    110321s2552||||th 000 0 tha d
020    9786167183497
060 04 WH170^bอ419ธ 2552
100 0  อรุณี เจตศรีสุภาพ
245 10 ธาลัสซีเมียแบบองค์รวม /^cอรุณี เจตศรีสุภาพ
250    พิมพ์ครั้งที่ 1
260    ขอนแก่น :^bคณะแพทยศาสตร์ มหาวิทยาลัยขอนแก่น,^c2552
300    [10], 400 หน้า :^bภาพประกอบ ;^c27 ซม.
500    ได้รับทุนสนับสนุนการผลิตตำรา มหาวิทยาลัยขอนแก่น พ.ศ. 2550
650  7 ธาลัสซีเมีย^xการวินิจฉัย
650  7 ธาลัสซีเมีย^xการป้องกันและการควบคุม
650  7 การวินิจฉัยทางห้องปฏิบัติการ
650  7 ธาลัสซีเมีย
710 2  มหาวิทยาลัยขอนแก่น. ^bคณะแพทยศาสตร์
945    ^p380^l0^i028117
995    ทศพร
999 ^a ใช้งานได้ทุกระบบ
รายการนี้ยังไม่มีแท็ก
คุณยังไม่ได้ล็อกอิน คุณสามารถมีกิจกรรมร่วมกับเว็บไซต์ได้ แต่ต้องล็อกอินก่อน ::
  ล็อกอิน

รายการสื่อสารสนเทศ

ลำดับที่ ประเภท เลขเรียก/บาร์โค้ด สถานที่ สถานะ
- ไม่พบข้อมูล -

รายการใกล้เคียง
    หัวเรื่อง [ธาลัสซีเมีย]

BibComment


ยังไม่เคยถูกคอมเมนท์

คอมเมนท์ทรัพยากรรายการนี้
  คอมเมนท์: ธาลัสซีเมียแบบองค..


 Copyright 2026. Bcnsprnw @Library